000 03224nam a22003257a 4500
001 TIC 0027
003 gtcocun
005 20250922191024.0
006 a||||gr|||| 00| 0
007 ta
008 250922b2023 gt ||||| m||| 00| 0 eng d
040 _agtcocun
_bSPA
_cgtcocun
_eRDA
041 _aSPA TIC 0027
084 _0TIC 0027
100 _aAlvarado Bermúdez, Brayan Yosue
_eAutor
245 _aINFORME FINAL DEL EJERCICIO PROFESIONAL SUPERVISADO REALIZADO EN LA MUNICIPALIDAD DE SANTA MARÍA CAHABÓN, ALTA VERAPAZ./
_cBrayan Yosue Alvarado Bermúdez.
_hImpreso
264 _aCobán, Alta Verapaz:
_bUniversidad de San Carlos de Guatemala, Centro Universitario del Norte, Ingeniería Civil
_c2023
300 _a177 p.:
_bIlustraciones, gráficas.
_c28 cm;
336 _2rdacontenido
_aTexto
_btxt
337 _2rdamedio
_aComputadora
_bn
338 _2rdasoporte
_aCódigo en línea
_bcr
502 _eTIC 0027
502 _aTesis de grado
_bIngeniería Civil,
_cUniversidad de San Carlos de Guatemala, Centro Universitario del Norte, Ingeniería Civil
_d2023
_oTIC 0027
520 1 4 _aEl proceso del Ejercicio Profesional Supervisado EPS se realizó en el municipio de Santa María Cahabón, Alta Verapaz, se elaboró un diagnóstico para determinar las necesidades, condiciones y parámetros de diseño de proyecto; para así brindar una posible solución a las necesidades encontradas. Con el apoyo de los habitantes de las comunidades circunvecinas se priorizó la necesidad de un puente vehicular y peatonal para la comunidad de Nueva Agua Caliente, además de una solicitud de una carretera de terracería para la comunidad de San Pedro Chichaj a las instancias correspondientes, para vía de comunicación accesible; no obstante, se elaboró un plan de trabajo para determinar el tiempo de elaboración de diseño y normativas a seguir para su diseño. El proyecto consiste en tener un punto de unión y paso en la red vial para la trasportación en general y para el desarrollo de los pobladores, se basa en el diseño de un puente vehicular de concreto armado de 1 vía para la comunidad de Nueva Agua Caliente, se consideró la carga de diseño según lo establecido por la norma AGIES 5.2 para puentes; para el diseño de cada elemento estructural se utilizaron los lineamientos de la norma ACI 318-19 y el análisis como el diseño de las cargas será en base a la norma AASHTO Standard 2002, en la infraestructura. Para el diseño de la apertura de carretera rural de la comunidad de San Pedro Chichaj, se elaboró con los requerimientos de la Dirección General de Caminos, por lo que consideró una carretera con una longitud de 3 369.11 metros lineales; proyecto que beneficiará a los habitantes, permitirá acceso vial al caserío y brindará alternativas de servicios básicos.
650 _2LEMB
_aSanta María Cahabón, Alta Verapaz
_xIngeniería
_xLineamientos
_xNormativa
_xProyecto
_xDiseño
_xInfrastructura
700 _aInga. Civil Sindry Yaneth Pacay Morales
_eAsesor
856 _uhttps://drive.google.com/file/d/1l3d-HgJCZjyBz9d6rLzHnNVSejt73S20/view
_yPDF
_zUn ejemplar en línea.
942 _2ddc
_cTES
_iTIC 0027
_kClasificación
_n0
_6TIC_0027_000000000000000
999 _c2062
_d2062